| 000 | 00456nam a22001697a 4500 | ||
|---|---|---|---|
| 999 |
_c9018 _d9018 |
||
| 003 | GBCCL | ||
| 005 | 20241126110703.0 | ||
| 008 | 220223b ||||| |||| 00| 0 eng d | ||
| 040 | _cGBC | ||
| 082 |
_a248 _bPOO |
||
| 100 |
_aPoole, Ralph A. _915748 |
||
| 245 |
_aYour life can be changed / _cby Ralph A. Poole. |
||
| 260 |
_aAnderson, Ind. : _bWarner Press, _c©1955. |
||
| 300 |
_a96 pages ; _c16 cm |
||
| 650 |
_aChristian life. _9183 |
||
| 942 |
_2ddc _cBK |
||